[Event "La Pobla de Lillet op"]
[Site "La Pobla de Lillet ESP"]
[Date "2019.08.03"]
[Round "2.3"]
[White "Gomez Jurado, LA."]
[Black "Moya Arau, C."]
[Result "1-0"]
[WhiteElo "2293"]
[BlackElo "2031"]
[PlyCount "121"]
[EventDate "2019.08.02"]
[EventType "swiss"]
[EventRounds "9"]
[EventCountry "ESP"]
[SourceTitle "Ajedrez en Madrid"]
[Source "lmi"]
[SourceDate "2020.06.24"]
[SourceVersion "1"]
[SourceVersionDate "2020.06.24"]
[SourceQuality "1"]

1. Nf3 Nf6 2. g3 e6 3. Bg2 Be7 4. O-O O-O 5. c4 d5 6. b3 Nbd7 7. Bb2 c6 8. Nc3
Rb8 9. Qc2 b5 10. Nd4 Qc7 11. cxb5 cxb5 12. Rac1 a6 13. Nxd5 Nxd5 14. Qxc7 Nxc7
15. Rxc7 Bd8 16. Rc2 Bb7 17. Bxb7 Rxb7 18. Rfc1 Bb6 19. Nc6 Nf6 20. Bd4 Bxd4
21. Nxd4 g6 22. f3 Rd8 23. Nc6 Rd6 24. e4 Ne8 25. Kf2 Rbd7 26. d4 Kf8 27. Ke3
f5 28. e5 Rd5 29. f4 h6 30. Rc5 Rxc5 31. dxc5 Nc7 32. Nb4 a5 33. Nc6 Nd5+ 34.
Kf3 b4 35. Nxa5 Ra7 36. Nc4 Rxa2 37. Nb6 Nc3 38. c6 Ra7 39. Na4 Nd5 40. Nc5 Ke7
41. Rc4 Ra3 42. h4 h5 43. c7 Nxc7 44. Rxb4 Ra5 45. Nd3 Rd5 46. Ke3 Nb5 47. Rc4
Kd7 48. Nc5+ Ke7 49. Na4 Na7 50. b4 Rd7 51. Nc3 Rb7 52. b5 Kd7 53. Rc5 Nc8 54.
Kd4 Nb6 55. Rc6 Ke7 56. Kc5 Nd7+ 57. Kb4 Nb8 58. Rc8 Nd7 59. Na4 Ra7 60. Rc6
Nb8 61. Rd6 1-0

[Event "La Pobla de Lillet op"]
[Site "La Pobla de Lillet ESP"]
[Date "2019.08.03"]
[Round "2.3"]
[White "Puig Carres, J."]
[Black "Garcia Perez, M."]
[Result "1-0"]
[WhiteElo "1673"]
[BlackElo "1506"]
[PlyCount "126"]
[EventDate "2019.08.02"]
[EventType "swiss"]
[EventRounds "9"]
[EventCountry "ESP"]
[SourceTitle "Ajedrez en Madrid"]
[Source "lmi"]
[SourceDate "2020.06.24"]
[SourceVersion "1"]
[SourceVersionDate "2020.06.24"]
[SourceQuality "1"]

1. c4 d5 2. g3 d4 3. d3 c5 4. Bg2 Qa5+ 5. Bd2 Qb6 6. b3 Bd7 7. Nf3 Bc6 8. O-O
Nd7 9. Qe1 Qc7 10. b4 b6 11. bxc5 bxc5 12. Ba5 Qb7 13. Qd2 Ne5 14. Qd1 Nxf3+
15. exf3 e5 16. Nd2 Bd6 17. Rb1 Qa6 18. Nb3 Rb8 19. Qd2 Ne7 20. Nxc5 Qc8 21.
Ne4 Bc7 22. Bxc7 Qxc7 23. Rxb8+ Qxb8 24. Qg5 Ng6 25. Nc5 O-O 26. Qd2 Qb6 27.
Nb3 Rb8 28. Rb1 Ne7 29. Qg5 f6 30. Qg4 Be8 31. Nd2 Qxb1+ 32. Nxb1 Rxb1+ 33. Bf1
f5 34. Qh4 Ng6 35. Qd8 Kf8 36. Qd6+ Kf7 37. h4 Rb6 38. Qc7+ Kf6 39. Qxa7 Rb1
40. Qa6+ Ke7 41. Kg2 f4 42. h5 Nf8 43. gxf4 Ne6 44. Qa7+ Bd7 45. fxe5 Nf4+ 46.
Kg3 Nxh5+ 47. Kh4 Rxf1 48. Kxh5 Rxf2 49. Qc5+ Kf7 50. Kg5 h6+ 51. Kf4 g5+ 52.
Kg3 Rxa2 53. Qd5+ Be6 54. Qxd4 h5 55. f4 h4+ 56. Kf3 g4+ 57. Ke3 h3 58. Qd8 h2
59. Qf6+ Ke8 60. Qxe6+ Kd8 61. Qd6+ Ke8 62. e6 Ra6 63. Qd7+ Kf8 1-0

[Event "La Pobla de Lillet op"]
[Site "La Pobla de Lillet ESP"]
[Date "2019.08.03"]
[Round "2.4"]
[White "Camprubi Juanola, J."]
[Black "Taltavull Hidalgo, A."]
[Result "1/2-1/2"]
[WhiteElo "1553"]
[BlackElo "1648"]
[PlyCount "64"]
[EventDate "2019.08.02"]
[EventType "swiss"]
[EventRounds "9"]
[EventCountry "ESP"]
[SourceTitle "Ajedrez en Madrid"]
[Source "lmi"]
[SourceDate "2020.06.24"]
[SourceVersion "1"]
[SourceVersionDate "2020.06.24"]
[SourceQuality "1"]

1. c4 c5 2. Nc3 b6 3. e4 Bb7 4. g3 g6 5. Bg2 Bg7 6. d3 e6 7. Nge2 Ne7 8. O-O
O-O 9. f4 d5 10. e5 Nbc6 11. b3 Qd7 12. Qc2 Nb4 13. Qd1 Rfd8 14. a3 dxc4 15.
Bxb7 Qxb7 16. axb4 cxd3 17. bxc5 dxe2 18. Qxe2 bxc5 19. Qc4 Nd5 20. Rb1 Nxc3
21. Qxc3 Qe4 22. Ba3 Qd4+ 23. Qxd4 cxd4 24. Bd6 Bf8 25. Bxf8 Kxf8 26. Rfd1 Rab8
27. Rd3 Rb4 28. Ra1 Rd7 29. Kf2 Ke8 30. Kf3 Kd8 31. Ke4 Kc8 32. Ra4 Rxa4
1/2-1/2

[Event "La Pobla de Lillet op"]
[Site "La Pobla de Lillet ESP"]
[Date "2019.08.03"]
[Round "2.4"]
[White "Cervello Tost, R."]
[Black "Povill Claros, X."]
[Result "0-1"]
[WhiteElo "2041"]
[BlackElo "2276"]
[PlyCount "110"]
[EventDate "2019.08.02"]
[EventType "swiss"]
[EventRounds "9"]
[EventCountry "ESP"]
[SourceTitle "Ajedrez en Madrid"]
[Source "lmi"]
[SourceDate "2020.06.24"]
[SourceVersion "1"]
[SourceVersionDate "2020.06.24"]
[SourceQuality "1"]

1. e4 c6 2. d4 d5 3. Nc3 dxe4 4. Nxe4 Bf5 5. Ng3 Bg6 6. h4 h6 7. Nf3 Nd7 8. h5
Bh7 9. Bd3 Bxd3 10. Qxd3 e6 11. Bd2 Ngf6 12. O-O-O Be7 13. Kb1 Qb6 14. Ne4 Nxe4
15. Qxe4 Nf6 16. Qe2 Qb5 17. Qxb5 cxb5 18. Ne5 Nd5 19. f4 f6 20. Ng6 Rg8 21.
Rde1 Kd7 22. g4 Rae8 23. Re2 Bd6 24. Rhe1 a6 25. c3 Bc7 26. b3 Ba5 27. Kb2 Bb6
28. Re4 f5 29. gxf5 exf5 30. Re5 Rxe5 31. Rxe5 Nf6 32. Re7+ Kc8 33. Re6 Bd8 34.
Re5 Nxh5 35. Rxf5 Nf6 36. c4 bxc4 37. bxc4 Re8 38. Re5 Kd7 39. d5 Ne4 40. Rxe8
Kxe8 41. Be3 h5 42. c5 h4 43. c6 bxc6 44. dxc6 h3 45. Bg1 Bb6 46. Bh2 Nd2 47.
f5 Nf3 48. Nf4 Nxh2 49. Nxh3 Ng4 50. Kb3 Ne3 51. Nf4 Nxf5 52. Kc4 Ne7 53. Ne6
Kf7 54. Ng5+ Kf6 55. Ne4+ Ke5 0-1

[Event "La Pobla de Lillet op"]
[Site "La Pobla de Lillet ESP"]
[Date "2019.08.03"]
[Round "2.5"]
[White "Taltavull Hidalgo, J."]
[Black "Gamisans Cassi, M."]
[Result "0-1"]
[WhiteElo "1334"]
[BlackElo "1647"]
[PlyCount "52"]
[EventDate "2019.08.02"]
[EventType "swiss"]
[EventRounds "9"]
[EventCountry "ESP"]
[SourceTitle "Ajedrez en Madrid"]
[Source "lmi"]
[SourceDate "2020.06.24"]
[SourceVersion "1"]
[SourceVersionDate "2020.06.24"]
[SourceQuality "1"]

1. Nf3 e6 2. d4 f5 3. Bf4 Nf6 4. e3 d5 5. c4 Bd6 6. Ne5 O-O 7. Nd2 Nbd7 8. c5
Bxe5 9. dxe5 Ne8 10. b4 a5 11. a3 axb4 12. axb4 Rxa1 13. Qxa1 g5 14. Bg3 f4 15.
exf4 gxf4 16. Qc3 fxg3 17. Qxg3+ Kh8 18. Nf3 Rg8 19. Qh3 Nf8 20. Bd3 Ng6 21.
Qh6 Qe7 22. h4 Qg7 23. Qg5 h6 24. Qe3 Rf8 25. Rh3 Nf4 26. Rg3 Qxg3 0-1

[Event "La Pobla de Lillet op"]
[Site "La Pobla de Lillet ESP"]
[Date "2019.08.03"]
[Round "2.5"]
[White "Touzane, O."]
[Black "Fabre Massana, M."]
[Result "1-0"]
[WhiteElo "2268"]
[BlackElo "1983"]
[PlyCount "53"]
[EventDate "2019.08.02"]
[EventType "swiss"]
[EventRounds "9"]
[EventCountry "ESP"]
[SourceTitle "Ajedrez en Madrid"]
[Source "lmi"]
[SourceDate "2020.06.24"]
[SourceVersion "1"]
[SourceVersionDate "2020.06.24"]
[SourceQuality "1"]

1. Nf3 d5 2. c4 c6 3. b3 e6 4. Bb2 Nf6 5. g3 Be7 6. Bg2 Nbd7 7. O-O O-O 8. d3
b6 9. Nbd2 Bb7 10. e4 dxe4 11. dxe4 Nc5 12. e5 Nfe4 13. Nxe4 Nxe4 14. Qc2 Nc5
15. Rad1 Qc7 16. Nd4 Rfd8 17. f4 Nd7 18. f5 Nxe5 19. fxe6 f6 20. Nf5 Rxd1 21.
Qxd1 Ng6 22. Qg4 Re8 23. h4 Bc5+ 24. Kh2 Rf8 25. h5 Ne5 26. Bxe5 fxe5 27. e7
1-0

[Event "La Pobla de Lillet op"]
[Site "La Pobla de Lillet ESP"]
[Date "2019.08.03"]
[Round "2.6"]
[White "Barcelo Sola, D."]
[Black "Bravo Barranco, N."]
[Result "1/2-1/2"]
[WhiteElo "2029"]
[BlackElo "2246"]
[PlyCount "36"]
[EventDate "2019.08.02"]
[EventType "swiss"]
[EventRounds "9"]
[EventCountry "ESP"]
[SourceTitle "Ajedrez en Madrid"]
[Source "lmi"]
[SourceDate "2020.06.24"]
[SourceVersion "1"]
[SourceVersionDate "2020.06.24"]
[SourceQuality "1"]

1. e4 d5 2. exd5 Qxd5 3. Nf3 Nf6 4. d4 Bg4 5. Be2 c6 6. O-O e6 7. c4 Qd6 8. c5
Qc7 9. Nc3 Nbd7 10. b4 Be7 11. Bg5 O-O 12. Bh4 Rad8 13. Bg3 Qc8 14. Qb3 Nh5 15.
Rad1 Nxg3 16. hxg3 Nf6 17. Ne5 Bxe2 18. Nxe2 Nd5 1/2-1/2

[Event "La Pobla de Lillet op"]
[Site "La Pobla de Lillet ESP"]
[Date "2019.08.03"]
[Round "2.6"]
[White "Vegara Gallego, P."]
[Black "Aballanet Beltran, E."]
[Result "1/2-1/2"]
[WhiteElo "1638"]
[BlackElo "1475"]
[PlyCount "84"]
[EventDate "2019.08.02"]
[EventType "swiss"]
[EventRounds "9"]
[EventCountry "ESP"]
[SourceTitle "Ajedrez en Madrid"]
[Source "lmi"]
[SourceDate "2020.06.24"]
[SourceVersion "1"]
[SourceVersionDate "2020.06.24"]
[SourceQuality "1"]

1. e4 e5 2. Nc3 Nf6 3. d3 d6 4. Be2 Be7 5. f4 Nc6 6. fxe5 dxe5 7. Nf3 O-O 8.
Be3 Nd4 9. Nxe5 Nxe2 10. Qxe2 Bd6 11. Nf3 Ng4 12. Bg1 Bf4 13. h3 Bg3+ 14. Kd1
Nf6 15. Qd2 Re8 16. Be3 Qe7 17. Bf4 Bxf4 18. Qxf4 Qb4 19. Kc1 Be6 20. a3 Qb6
21. Re1 Qf2 22. Qd2 Qg3 23. Qg5 Qf2 24. Nd1 Qb6 25. Qe3 Qc6 26. Nc3 Nd7 27. Nd4
Qc5 28. Nxe6 Rxe6 29. Qxc5 Nxc5 30. b4 Nd7 31. Kd2 c5 32. Nd5 Rc8 33. c4 Nb6
34. Nxb6 axb6 35. b5 f6 36. Rf1 Kf7 37. a4 Ra8 38. Ra2 Re5 39. Rf5 Ke6 40. g4
g6 41. Rxe5+ Kxe5 42. Ke3 g5 1/2-1/2

[Event "La Pobla de Lillet op"]
[Site "La Pobla de Lillet ESP"]
[Date "2019.08.03"]
[Round "2.7"]
[White "Blasco Cusido, F."]
[Black "Capellades Subirana, M."]
[Result "1/2-1/2"]
[WhiteElo "1928"]
[BlackElo "2194"]
[PlyCount "122"]
[EventDate "2019.08.02"]
[EventType "swiss"]
[EventRounds "9"]
[EventCountry "ESP"]
[SourceTitle "Ajedrez en Madrid"]
[Source "lmi"]
[SourceDate "2020.06.24"]
[SourceVersion "1"]
[SourceVersionDate "2020.06.24"]
[SourceQuality "1"]

1. e4 e5 2. Nf3 Nc6 3. d4 exd4 4. Bc4 Nf6 5. O-O Nxe4 6. Re1 d5 7. Bxd5 Qxd5 8.
Nc3 Qa5 9. Rxe4+ Be6 10. Nxd4 O-O-O 11. Be3 Nxd4 12. Rxd4 Bd6 13. Qf3 Qf5 14.
Qxf5 Bxf5 15. Rd2 Bb4 16. Rad1 Rxd2 17. Rxd2 Re8 18. Kf1 Be6 19. a3 Bc4+ 20.
Kg1 Bc5 21. Nd1 Re6 22. g3 Be7 23. Nc3 Bf6 24. Bd4 Rd6 25. Be3 Rxd2 26. Bxd2
Be6 27. Bc1 Bxc3 28. bxc3 Kd7 29. Kf1 Bf5 30. Ke2 Bxc2 31. Bf4 c6 32. Kd2 Bf5
33. h4 Ke6 34. Bb8 a6 35. Ba7 b5 36. Bc5 Kd5 37. Bf8 g6 38. Be7 Kc4 39. Bf8 c5
40. Be7 a5 41. Bd6 b4 42. cxb4 cxb4 43. axb4 axb4 44. Kc1 Kb3 45. Be5 Be6 46.
Bf6 Kc4 47. Kb2 Kd3 48. Be7 b3 49. Bc5 Ke2 50. Bb6 Kf3 51. Bc5 Ke4 52. Kc3 f6
53. Be7 Kf5 54. Bd8 g5 55. Kb2 gxh4 56. gxh4 Ke5 57. Kc3 f5 58. Kb2 Ke4 59. Bb6
Kf3 60. Bc5 Kf4 61. Bb6 Kg4 1/2-1/2

[Event "La Pobla de Lillet op"]
[Site "La Pobla de Lillet ESP"]
[Date "2019.08.03"]
[Round "2.8"]
[White "Ayza Ballester, J."]
[Black "Codina Calvo, D."]
[Result "0-1"]
[WhiteElo "2181"]
[BlackElo "1863"]
[PlyCount "126"]
[EventDate "2019.08.02"]
[EventType "swiss"]
[EventRounds "9"]
[EventCountry "ESP"]
[SourceTitle "Ajedrez en Madrid"]
[Source "lmi"]
[SourceDate "2020.06.24"]
[SourceVersion "1"]
[SourceVersionDate "2020.06.24"]
[SourceQuality "1"]

1. e4 d5 2. Nc3 d4 3. Nce2 Nf6 4. d3 e5 5. Nf3 Nbd7 6. c3 dxc3 7. bxc3 b6 8.
Ng3 Bc5 9. Be2 Bb7 10. O-O O-O 11. Qc2 Re8 12. Re1 Nf8 13. Bf1 Ng4 14. d4 exd4
15. cxd4 Bxd4 16. Nxd4 Qxd4 17. Bb2 Qd6 18. Rad1 Qe7 19. Nf5 Qg5 20. h4 Qf4 21.
Ng3 Bxe4 22. Qc3 Qxf2+ 23. Kh1 Qf6 24. Qxf6 gxf6 25. Kg1 Bb7 26. Be2 Ne3 27.
Nh5 Nxd1 28. Nxf6+ Kh8 29. Bd4 Ne6 30. Be5 Ng7 31. Bxd1 Rxe5 32. Rxe5 Ne6 33.
Bg4 Kg7 34. Nh5+ Kf8 35. Nf6 Kg7 36. Nh5+ Kf8 37. Nf6 Rd8 38. Nxh7+ Kg7 39. Ng5
Rd2 40. Nxe6+ fxe6 41. Bh3 Bd5 42. g4 Rxa2 43. g5 Ra4 44. h5 Rh4 45. h6+ Kg6
46. Kh2 Re4 47. Bf5+ exf5 48. Rxd5 Kxg5 49. Rd7 Kxh6 50. Rxc7 a5 51. Rc6+ Kg5
52. Rxb6 a4 53. Kg3 Rc4 54. Ra6 Rc3+ 55. Kf2 a3 56. Ra4 f4 57. Ra8 Kf5 58. Ra7
Ke4 59. Ra4+ Kd3 60. Rxf4 Kc2 61. Ke2 a2 62. Ra4 Kb2 63. Kd2 Ra3 0-1

[Event "La Pobla de Lillet op"]
[Site "La Pobla de Lillet ESP"]
[Date "2019.08.03"]
[Round "2.8"]
[White "Salo Sorribes, JM."]
[Black "Burset Camps, G."]
[Result "0-1"]
[WhiteElo "1700"]
[BlackElo "1585"]
[PlyCount "46"]
[EventDate "2019.08.02"]
[EventType "swiss"]
[EventRounds "9"]
[EventCountry "ESP"]
[SourceTitle "Ajedrez en Madrid"]
[Source "lmi"]
[SourceDate "2020.06.24"]
[SourceVersion "1"]
[SourceVersionDate "2020.06.24"]
[SourceQuality "1"]

1. e4 e6 2. Nc3 d5 3. e5 c5 4. Nf3 Nc6 5. a3 Nge7 6. Bb5 Bd7 7. Bxc6 Bxc6 8. d4
Ng6 9. Bg5 Qb6 10. Bc1 cxd4 11. Nxd4 Nxe5 12. b3 Be7 13. Be3 Qc7 14. Qh5 Ng6
15. Qd1 Bf6 16. Nce2 Be5 17. Nxc6 Qxc6 18. O-O O-O 19. Ng3 Bf6 20. Bc1 Rac8 21.
Nh5 Be7 22. Ra2 f5 23. Ng3 Nh4 0-1

[Event "La Pobla de Lillet op"]
[Site "La Pobla de Lillet ESP"]
[Date "2019.08.03"]
[Round "2.9"]
[White "Escofet Llongueras, J."]
[Black "Simon Padros, E."]
[Result "0-1"]
[WhiteElo "1652"]
[BlackElo "2110"]
[PlyCount "34"]
[EventDate "2019.08.02"]
[EventType "swiss"]
[EventRounds "9"]
[EventCountry "ESP"]
[SourceTitle "Ajedrez en Madrid"]
[Source "lmi"]
[SourceDate "2020.06.24"]
[SourceVersion "1"]
[SourceVersionDate "2020.06.24"]
[SourceQuality "1"]

1. c4 d6 2. g3 e5 3. Bg2 f5 4. d3 Nf6 5. e4 fxe4 6. dxe4 Be6 7. Qc2 Be7 8. Ne2
Qd7 9. h3 O-O 10. Be3 c5 11. Nd2 Nc6 12. O-O-O Nd4 13. Qd3 b5 14. f4 bxc4 15.
Nxc4 Qa4 16. Na3 c4 17. Nc3 Qxa3 0-1

[Event "La Pobla de Lillet op"]
[Site "La Pobla de Lillet ESP"]
[Date "2019.08.03"]
[Round "2.9"]
[White "Jucla Esteve, FX."]
[Black "Casamitjana Nuñez, A."]
[Result "1-0"]
[WhiteElo "1647"]
[BlackElo "1788"]
[PlyCount "49"]
[EventDate "2019.08.02"]
[EventType "swiss"]
[EventRounds "9"]
[EventCountry "ESP"]
[SourceTitle "Ajedrez en Madrid"]
[Source "lmi"]
[SourceDate "2020.06.24"]
[SourceVersion "1"]
[SourceVersionDate "2020.06.24"]
[SourceQuality "1"]

1. e4 Nf6 2. Nc3 d5 3. e5 Nfd7 4. d4 Nb6 5. Nf3 Nc6 6. Be2 Bf5 7. O-O e6 8. a3
Be7 9. h3 O-O 10. Nh2 f6 11. f4 fxe5 12. fxe5 Bg5 13. b3 Qe7 14. Nf3 Bxc1 15.
Qxc1 Be4 16. Nxe4 dxe4 17. Ng5 Nxd4 18. Bg4 Qc5 19. Kh1 Rxf1+ 20. Qxf1 Qxe5 21.
Qf7+ Kh8 22. Rf1 Qd6 23. Bxe6 Nxe6 24. Nxe6 Qe5 25. Qf8+ 1-0

[Event "La Pobla de Lillet op"]
[Site "La Pobla de Lillet ESP"]
[Date "2019.08.03"]
[Round "2.10"]
[White "Povill Claros, L."]
[Black "Simon del Sol, J."]
[Result "0-1"]
[WhiteElo "1678"]
[BlackElo "2032"]
[PlyCount "90"]
[EventDate "2019.08.02"]
[EventType "swiss"]
[EventRounds "9"]
[EventCountry "ESP"]
[SourceTitle "Ajedrez en Madrid"]
[Source "lmi"]
[SourceDate "2020.06.24"]
[SourceVersion "1"]
[SourceVersionDate "2020.06.24"]
[SourceQuality "1"]

1. e4 e6 2. d4 b6 3. Nc3 Bb7 4. Bd3 c5 5. Nf3 cxd4 6. Nxd4 d6 7. O-O Nf6 8.
Bb5+ Nfd7 9. f3 Be7 10. Be3 O-O 11. Bc4 Qc8 12. Qe2 Ne5 13. Bb3 Nbc6 14. Rfd1
Na5 15. Ndb5 Nac4 16. Bxc4 Nxc4 17. Bc1 a6 18. Nd4 b5 19. b3 Nb6 20. Bb2 Bf6
21. Qf2 Qc5 22. a3 Rfd8 23. b4 Bxd4 24. Qxd4 Qxd4+ 25. Rxd4 Nc4 26. Bc1 Rac8
27. Nd1 Kf8 28. Ra2 Ke7 29. Ne3 Nb6 30. Kf2 Rc7 31. Ke2 Na4 32. Nd1 Rdc8 33.
Kd2 d5 34. e5 f6 35. f4 Nb6 36. exf6+ gxf6 37. c3 Bc6 38. Kd3 Be8 39. Rf2 Bg6+
40. Kd2 Nc4+ 41. Ke1 Nd6 42. Rf3 Be4 43. Rh3 Ke8 44. Rd2 Bf5 45. Re3 Nc4 0-1

[Event "La Pobla de Lillet op"]
[Site "La Pobla de Lillet ESP"]
[Date "2019.08.03"]
[Round "2.10"]
[White "Solsona Manonelles, J."]
[Black "Casanovas Barniol, G."]
[Result "1/2-1/2"]
[WhiteElo "1470"]
[BlackElo "1447"]
[PlyCount "57"]
[EventDate "2019.08.02"]
[EventType "swiss"]
[EventRounds "9"]
[EventCountry "ESP"]
[SourceTitle "Ajedrez en Madrid"]
[Source "lmi"]
[SourceDate "2020.06.24"]
[SourceVersion "1"]
[SourceVersionDate "2020.06.24"]
[SourceQuality "1"]

1. d4 Nf6 2. c4 e6 3. Nc3 Bb4 4. Qc2 h6 5. Bd2 O-O 6. e4 d6 7. a3 Bxc3 8. Bxc3
c5 9. dxc5 dxc5 10. Nf3 b6 11. Rd1 Qe7 12. Be2 Nc6 13. e5 Nd7 14. O-O f6 15.
exf6 Nxf6 16. Nh4 Qc7 17. Ng6 Re8 18. Bf3 Bb7 19. Nh4 Rad8 20. Bxf6 gxf6 21.
Qg6+ Qg7 22. Qxg7+ Kxg7 23. Rxd8 Rxd8 24. Rd1 Rxd1+ 25. Bxd1 Nd4 26. f3 Ba6 27.
b3 b5 28. cxb5 Bxb5 29. Kf2 1/2-1/2

[Event "La Pobla de Lillet op"]
[Site "La Pobla de Lillet ESP"]
[Date "2019.08.03"]
[Round "2.16"]
[White "Perez Garcia, A."]
[Black "Garcia Galeote, L."]
[Result "1/2-1/2"]
[WhiteElo "2196"]
[BlackElo "1849"]
[PlyCount "134"]
[EventDate "2019.08.02"]
[EventType "swiss"]
[EventRounds "9"]
[EventCountry "ESP"]
[SourceTitle "Ajedrez en Madrid"]
[Source "lmi"]
[SourceDate "2020.06.24"]
[SourceVersion "1"]
[SourceVersionDate "2020.06.24"]
[SourceQuality "1"]

1. e4 d5 2. exd5 Qxd5 3. Nc3 Qd6 4. d4 Nf6 5. Nf3 c6 6. Bd3 e6 7. O-O Be7 8.
Qe2 O-O 9. Ne4 Nxe4 10. Qxe4 g6 11. c4 Qd8 12. Bh6 Re8 13. h4 Nd7 14. Bg5 Nf6
15. Qf4 Nh5 16. Qe3 Bxg5 17. Nxg5 Qf6 18. g3 Rd8 19. Be2 Ng7 20. Rad1 Nf5 21.
Ne4 Qg7 22. Qg5 Bd7 23. g4 Nh6 24. d5 cxd5 25. cxd5 e5 26. Nf6+ Kh8 27. Rc1 Ng8
28. Nxg8 Kxg8 29. Qe7 Qf8 30. d6 Bc6 31. Qxf8+ Kxf8 32. Rfd1 Rac8 33. f3 Ba4
34. b3 Rxc1 35. Rxc1 Bc6 36. Rd1 a6 37. Kf2 Bd7 38. Ke3 Rc8 39. Bd3 f5 40. gxf5
gxf5 41. f4 e4 42. Bc4 Kg7 43. h5 Kf6 44. h6 b5 45. Bd5 Rc3+ 46. Kd4 b4 47. Rg1
Be6 48. Bxe6 Kxe6 49. Rg7 Kxd6 50. Rxh7 Rd3+ 51. Kc4 a5 52. Rg7 Rc3+ 53. Kb5
Rh3 54. Rg6+ Kd5 55. Rf6 Kd4 56. Rxf5 Rxh6 57. Kxa5 e3 58. Re5 Rf6 59. Kxb4
Rxf4 60. Re8 Kd3+ 61. Kc5 Re4 62. Rd8+ Kc2 63. Rh8 e2 64. Rh2 Kb2 65. b4 Kxa2
66. b5 Kb3 67. Rxe2 Rxe2 1/2-1/2

[Event "La Pobla de Lillet op"]
[Site "La Pobla de Lillet ESP"]
[Date "2019.08.04"]
[Round "3.1"]
[White "Gamisans Cassi, M."]
[Black "Marin Aso, JL."]
[Result "1/2-1/2"]
[WhiteElo "1647"]
[BlackElo "1908"]
[PlyCount "50"]
[EventDate "2019.08.02"]
[EventType "swiss"]
[EventRounds "9"]
[EventCountry "ESP"]
[SourceTitle "Ajedrez en Madrid"]
[Source "lmi"]
[SourceDate "2020.06.24"]
[SourceVersion "1"]
[SourceVersionDate "2020.06.24"]
[SourceQuality "1"]

1. b4 c6 2. e3 Nf6 3. c4 g6 4. Bb2 Bg7 5. Nc3 O-O 6. Nf3 d6 7. d4 Nbd7 8. Be2
e5 9. d5 c5 10. b5 Qe7 11. e4 Nh5 12. g3 f5 13. Nd2 Nhf6 14. Qc2 fxe4 15. Ncxe4
Nxe4 16. Nxe4 Nf6 17. O-O Nxe4 18. Qxe4 Bf5 19. Qe3 Rf7 20. Bd3 Bh3 21. Rfe1
Qf8 22. Be4 Bg4 23. Bc1 Bf3 24. Rf1 a6 25. b6 Bg4 1/2-1/2

[Event "La Pobla de Lillet op"]
[Site "La Pobla de Lillet ESP"]
[Date "2019.08.04"]
[Round "3.1"]
[White "Movsziszian, K."]
[Black "Povill Claros, X."]
[Result "1-0"]
[WhiteElo "2470"]
[BlackElo "2276"]
[PlyCount "49"]
[EventDate "2019.08.02"]
[EventType "swiss"]
[EventRounds "9"]
[EventCountry "ESP"]
[SourceTitle "Ajedrez en Madrid"]
[Source "lmi"]
[SourceDate "2020.06.24"]
[SourceVersion "1"]
[SourceVersionDate "2020.06.24"]
[SourceQuality "1"]

1. g3 d5 2. Nf3 c5 3. Bg2 Nf6 4. O-O e6 5. c4 d4 6. d3 Nc6 7. e3 Bd6 8. exd4
cxd4 9. Bg5 h6 10. Bxf6 Qxf6 11. Nbd2 Qe7 12. Re1 O-O 13. a3 a5 14. Nb3 Qf6 15.
c5 Bc7 16. Rc1 e5 17. Nfd2 Be6 18. Nc4 Rad8 19. Nbd2 Qg6 20. Qb3 Rb8 21. Qa4
Bxc4 22. Nxc4 Rfe8 23. b4 axb4 24. axb4 Qxd3 25. Be4 1-0

[Event "La Pobla de Lillet op"]
[Site "La Pobla de Lillet ESP"]
[Date "2019.08.04"]
[Round "3.2"]
[White "Burset Camps, G."]
[Black "Puig Carres, J."]
[Result "1/2-1/2"]
[WhiteElo "1585"]
[BlackElo "1673"]
[PlyCount "42"]
[EventDate "2019.08.02"]
[EventType "swiss"]
[EventRounds "9"]
[EventCountry "ESP"]
[SourceTitle "Ajedrez en Madrid"]
[Source "lmi"]
[SourceDate "2020.06.24"]
[SourceVersion "1"]
[SourceVersionDate "2020.06.24"]
[SourceQuality "1"]

1. d4 d5 2. c4 dxc4 3. Nc3 Nf6 4. e4 Nc6 5. Be3 Ng4 6. Bxc4 Nxe3 7. fxe3 e6 8.
Nf3 Bb4 9. O-O O-O 10. a3 Be7 11. e5 b6 12. Qe2 Bb7 13. d5 exd5 14. Rad1 Qc8
15. Nxd5 Bd8 16. e6 fxe6 17. Nf4 Kh8 18. Nxe6 Re8 19. Nxd8 Rxd8 20. Ng5 Ne5 21.
Qh5 h6 1/2-1/2

[Event "La Pobla de Lillet op"]
[Site "La Pobla de Lillet ESP"]
[Date "2019.08.04"]
[Round "3.2"]
[White "Cervello Tost, F."]
[Black "Touzane, O."]
[Result "1-0"]
[WhiteElo "2367"]
[BlackElo "2268"]
[PlyCount "91"]
[EventDate "2019.08.02"]
[EventType "swiss"]
[EventRounds "9"]
[EventCountry "ESP"]
[SourceTitle "Ajedrez en Madrid"]
[Source "lmi"]
[SourceDate "2020.06.24"]
[SourceVersion "1"]
[SourceVersionDate "2020.06.24"]
[SourceQuality "1"]

1. d4 Nf6 2. Nf3 g6 3. g3 Bg7 4. Bg2 O-O 5. c4 d6 6. O-O c6 7. Nc3 Qb6 8. b3 e5
9. c5 Qb4 10. Bd2 exd4 11. Ne4 Qa3 12. Bc1 Qa5 13. b4 Qxb4 14. a3 Qa5 15. Bd2
Qa6 16. Nxd6 Nd5 17. Re1 Nd7 18. Bf1 b5 19. Qc1 Qa4 20. Bh3 f5 21. g4 Nc3 22.
gxf5 Nxc5 23. Bxc3 dxc3 24. Rb1 a5 25. Qe3 Nb7 26. Nxc8 Raxc8 27. f6 Bxf6 28.
Bxc8 Nd8 29. Qc5 Qe4 30. Rbc1 b4 31. Qxa5 Nf7 32. Bh3 b3 33. Rxc3 Bxc3 34. Qxc3
Rb8 35. Nd2 Qe7 36. Nxb3 Ng5 37. Bg2 Qxa3 38. Bxc6 Qd6 39. Qc4+ Kf8 40. Bg2 Ne6
41. Qc3 Nf4 42. Qc5 Qxc5 43. Nxc5 Rb2 44. e3 Nh5 45. Bf3 Nf6 46. Ne4 1-0

[Event "La Pobla de Lillet op"]
[Site "La Pobla de Lillet ESP"]
[Date "2019.08.04"]
[Round "3.3"]
[White "Soler Bel, J."]
[Black "Franch Bessa, J."]
[Result "1-0"]
[WhiteElo "1881"]
[BlackElo "1590"]
[PlyCount "55"]
[EventDate "2019.08.02"]
[EventType "swiss"]
[EventRounds "9"]
[EventCountry "ESP"]
[SourceTitle "Ajedrez en Madrid"]
[Source "lmi"]
[SourceDate "2020.06.24"]
[SourceVersion "1"]
[SourceVersionDate "2020.06.24"]
[SourceQuality "1"]

1. d4 d5 2. c4 e6 3. Nc3 Nf6 4. cxd5 Nxd5 5. e4 Nxc3 6. bxc3 g6 7. Nf3 Bg7 8.
Bc4 O-O 9. O-O c5 10. Be3 Qa5 11. Qb3 Nd7 12. Rac1 Nb6 13. Be2 c4 14. Bxc4 Nxc4
15. Qxc4 Bd7 16. Qb3 Rac8 17. Bd2 Qa6 18. c4 Ba4 19. Qb4 Bc6 20. d5 exd5 21.
exd5 Bd7 22. c5 Qd3 23. Rfd1 Qxd5 24. Bh6 Qf5 25. Bxg7 Bc6 26. Bxf8 Bxf3 27.
gxf3 Kxf8 28. c6+ 1-0